Представление документа в формате MARC21

Поле Инд. ПП Название Значение
Тип записи a
Библиографический уровень m
001 Контрольный номер e18c2b49-e6bb-4746-bd5b-1b798b465550
005 Дата корректировки 20211220150621.5
008 Кодируемые данные 061222
020 a ISBN 5-89349-425-3 (Флинта)
a ISBN 5-02-002936-X (Наука)
c Цена, тираж 70.00
040 a Служба первич. каталог. НБ ТвГУ
041 0_ a Код языка текста rus
080 a Индекс УДК 070.41(075.8)
084 a Индекс другой классификации/Индекс ББК Ч612.14я73-1
a Индекс другой классификации/Индекс ББК Ш70я73-1
090 x Авторский знак Р55
a Полочн. индекс Ч612.1
245 10 a Заглавие Риторические основы журналистики
b Продолж. заглавия работа над жанрами газеты : учеб. пособие
c Ответственность З. С. Смелкова, Л. В. Ассуирова, М. Р. Савова, О. А. Сальникова ; [отв. ред. З. С. Смелкова]
250 a Основные сведения об издании 4-е изд., испр.
260 0_ a Место издания Москва
b Издательство Флинта
b Издательство Наука
c Дата издания 2006
300 a Объем 318, [1] с.
504 a Библиография Библиогр.: с.315-317.
583 a Действие Получение впервые 483 20.12.2006
k Исполнитель действия ООО "Флинта"
650 04 a Основная рубрика Журналистика
x Основная подрубрика Учебники для вузов
650 04 a Основная рубрика Жанры газетнные
x Основная подрубрика Риторика
x Основная подрубрика Стилистика
650 04 a Основная рубрика Газета
x Основная подрубрика Язык и стиль
653 0_ a Ключевые слова Журналистика
a Ключевые слова Журналист, профессия
a Ключевые слова Речевая деятельность
a Ключевые слова Речь журналиста
a Ключевые слова Риторика
a Ключевые слова Культура речи
a Ключевые слова Газеты
a Ключевые слова Газетные жанры
a Ключевые слова Газетная лексика
700 1_ a Другие авторы Смелкова Зинаида Сергеевна
e Роль лиц авт., ред.
700 1_ a Другие авторы Ассуирова Лариса Владимировна
e Роль лиц авт.
700 1_ a Другие авторы Савова Марина Робертовна
e Роль лиц авт.
700 1_ a Другие авторы Сальникова Ольга Александровна
e Роль лиц авт.
852 41 t Порядковый номер экземпляра 2
p Инвентарный номер 864084
p Инвентарный номер 864085
852 41 t Порядковый номер экземпляра 1
p Инвентарный номер 864086
863 t 00159821
863 t 00159820
888 a За счет средств университета
901 t Тип документа m
930 a Новая/Ретро учебники
952 p 483.2006 70.00 1 864084
p 483.2006 70.00 1 864085
p 483.2006 70.00 1 864086
c Вид литературы К ру
954 a Дата поступления на обработку 20070116
999 a Подразделение 2 аб.
a Подразделение 2 ч.з.